000 00983nam a2200313 i 4500
001 77341
003 BD-RjUL
005 20211209082948.0
008 200316s1950 at 000 p eng c
035 _aOCLC ocm01416983 from D970107M
040 _aDZM
_erda
_cDZM
_dUKM
_dEQO
_beng
041 _aeng
082 _a821.86
_221
100 1 _aSwinburne, Algernon Charles,
_d1837-1909,
_eauthor.
_9240939
245 1 0 _aSelected poems of Algernon Charles Swinburne /
_cwith an introduction by Humphrey Hare.
264 1 _aMelbourne ;
_aLondon :
_bHeinemann,
_c[1950]
300 _axxxix, 236 pages ;
_c23 cm
336 _atext
_2rdacontent
337 _aunmediated
_2rdamedia
338 _avolume
_2rdacarrier
650 _aEnglish poetry
_9240940
700 1 _aHare, Humphrey,
_9240941
942 _2ddc
_cBK
999 _c77341
_d77341